ՀՀ Գիտությունների ազգային ակադեմիայի հիմնարար գիտական գրադարան  =   Fundamental Scientific Library of NAS RA

Անդրանիկ, Մուրատ եւ Պօղոս Նուպար : (Record no. 136169)

MARC details
000 -LEADER
fixed length control field 00853nam a2200205 a 4500
001 - CONTROL NUMBER
control field 000355277
003 - CONTROL NUMBER IDENTIFIER
control field AM-YeHGA
005 - DATE AND TIME OF LATEST TRANSACTION
control field 20250618072222.0
008 - FIXED-LENGTH DATA ELEMENTS--GENERAL INFORMATION
fixed length control field 040728s1920 ||| 000 | arm d
040 ## - CATALOGING SOURCE
Original cataloging agency AM-YeHGA
041 0# - LANGUAGE CODE
Language code of text/sound track or separate title arm
090 ## - LOCALLY ASSIGNED LC-TYPE CALL NUMBER (OCLC); LOCAL CALL NUMBER (RLIN)
-- 137540
245 00 - TITLE STATEMENT
Title Անդրանիկ, Մուրատ եւ Պօղոս Նուպար :
Remainder of title Մեծ պատերազմը եւ հայ ժողովուրդը /
Statement of responsibility, etc. Առաջաբ.՝ Ե. Չոբուրեան.
246 34 - VARYING FORM OF TITLE
Title proper/short title Մեծ պատերազմը եւ հայ ժողովուրդը
260 ## - PUBLICATION, DISTRIBUTION, ETC.
Place of publication, distribution, etc. Կ. Պօլիս :
Name of publisher, distributor, etc. տպ. Կիւթէմպէրկ,
Date of publication, distribution, etc. 1920.
300 ## - PHYSICAL DESCRIPTION
Extent 176 էջ :
Other physical details նկ., 21 ներդ. թ. լուսանկ. ;
Dimensions 23 սմ.
500 ## - GENERAL NOTE
General note Սյունակագիր
650 14 - SUBJECT ADDED ENTRY--TOPICAL TERM
Topical term or geographic name entry element Հայոց պատմության նշանավոր գործիչներ
9 (RLIN) 4559
650 14 - SUBJECT ADDED ENTRY--TOPICAL TERM
Topical term or geographic name entry element Հայոց ցեղասպանություն, 1915-1923
Holdings
Withdrawn status Lost status Source of classification or shelving scheme Damaged status Not for loan Collection Home library Current library Date acquired Total checkouts Full call number Barcode Date last seen Price effective from Koha item type Public note
    Universal Decimal Classification     Pogharian Individual Collection Fundamental Scientific Library Fundamental Scientific Library 22/12/2016   Պող/1929 FL0339332 22/12/2016 22/12/2016 Գրքեր / Books ILL Non-Circ.


ՀՀ ԳԱԱ հիմնարար գիտական գրադարան
ՀՀ,Երևան 0019
Մարշալ Բաղրամյան 24/6
հեռախոս:(374-10) 52-47-50
Հետադարձ կապ

All site content, except where otherwise noted, is licensed under a
Creative Commons License